Microvinificación (tecnicas para la evaluación de cultivadores de la vid) / (Record no. 199105)
[ view plain ]
| 000 -CABECERA | |
|---|---|
| campo de control de longitud fija | 01019nam a2200313Ia 4500 |
| 001 - NÚMERO DE CONTROL | |
| campo de control | Para_350 |
| 003 - IDENTIFICADOR DEL NÚMERO DE CONTROL | |
| campo de control | CHAP |
| 008 - DATOS DE LONGITUD FIJA--INFORMACIÓN GENERAL | |
| campo de control de longitud fija | 220125s1982 xx 000 0 und d |
| 010 ## - NÚMERO DE CONTROL DE LA BIBLIOTECA DEL CONGRESO | |
| Número de control de LC | 199105 |
| 040 ## - FUENTE DE LA CATALOGACIÓN | |
| Centro/agencia transcriptor | CHAP |
| 090 ## - LOCALMENTE ASIGNADO TIPO-LC NÚMERO DE CLASIFICACIÓN (OCLC); NÚMERO DE CLASIFICACIÓN LOCAL (RLIN) | |
| Número de clasificación (OCLC) (R) ; Numero de clasificación, CALL (RLIN) (NR) | PA FOLLETO 3282 |
| 100 ## - ENTRADA PRINCIPAL--NOMBRE DE PERSONA | |
| Nombre de persona | Reyes Carrillo, Jose Luis |
| 9 (RLIN) | 96771 |
| 245 ## - MENCIÓN DE TÍTULO | |
| Título | Microvinificación (tecnicas para la evaluación de cultivadores de la vid) / |
| Mención de responsabilidad, etc. | por Jose Luis Reyes Carrillo y Francisco Javier González López |
| 260 ## - PUBLICACIÓN, DISTRIBUCIÓN, ETC. | |
| Lugar de publicación, distribución, etc. | Torreon, Coah. : |
| Nombre del editor, distribuidor, etc. | INIA. Campo Agrícola Experimental La Laguna |
| 300 ## - DESCRIPCIÓN FÍSICA | |
| Extensión | 32 p. |
| 410 ## - MENCIÓN DE SERIE/PUNTO DE ACCESO ADICIONAL--ENTIDAD CORPORATIVA [OBSOLETO, CAN/MARC], [LOCAL, USA] | |
| Nombre de entidad corporativa o nombre de jurisdicción como elemento de entrada | Publicación especial; 2 |
| 650 ## - PUNTO DE ACCESO ADICIONAL DE MATERIA--TÉRMINO DE MATERIA | |
| Término de materia o nombre geográfico como elemento de entrada | Vid |
| Subdivisión general | variedades |
| 9 (RLIN) | 119141 |
| 650 ## - PUNTO DE ACCESO ADICIONAL DE MATERIA--TÉRMINO DE MATERIA | |
| Término de materia o nombre geográfico como elemento de entrada | Viticultura |
| Subdivisión general | investigación |
| 9 (RLIN) | 120062 |
| 700 ## - PUNTO DE ACCESO ADICIONAL--NOMBRE DE PERSONA | |
| Nombre de persona | |
| 700 ## - PUNTO DE ACCESO ADICIONAL--NOMBRE DE PERSONA | |
| Nombre de persona | González López, Francisco Javier |
| 9 (RLIN) | 49108 |
| 710 ## - PUNTO DE ACCESO ADICIONAL--NOMBRE DE ENTIDAD CORPORATIVA | |
| Nombre de entidad corporativa o nombre de jurisdicción como elemento de entrada | INIA. Campo Experimental La Laguna |
| 9 (RLIN) | 164440 |
| 901 ## - ELEMENTOS DE DATOS A LOCAL LDA (RLIN) | |
| a | PA FOLLETO 3282 |
| 902 ## - ELEMENTOS DE DATOS B LOCAL, LDB (RLIN) | |
| a | A |
| 905 ## - ELEMENTOS DE DATOS E LOCAL, LDE (RLIN) | |
| a | 0000001982 0000000000 00 |
| 910 ## - DATOS DE OPCIÓN DEL USUARIO (OCLC) | |
| Datos de opción del usuario | 1982 |
| 942 ## - ELEMENTOS DE PUNTO DE ACCESO ADICIONAL (KOHA) | |
| Tipo de ítem Koha | Parasitologia_ |
| 942 ## - ELEMENTOS DE PUNTO DE ACCESO ADICIONAL (KOHA) | |
| Tipo de ítem Koha | Parasitologia_ |
| -- | 1 |
| Estado de retiro | Estado de pérdida | Fuente del sistema de clasificación o colocación | Estado dañado | No para préstamo | Código de colección | Localización permanente | Ubicación/localización actual | Ubicación en estantería | Fecha de adquisición | Información codificada de la localización en otra ubicación | Total de préstamos | Código de barras | Fecha visto por última vez | Número de copia | Precio válido a partir de | Tipo de ítem Koha | Nota pública |
|---|---|---|---|---|---|---|---|---|---|---|---|---|---|---|---|---|---|
| Clasificación Universidad Autónoma de Chapingo | Folletos | Parasitologia Agricola | Parasitologia Agricola | 27/10/2005 | PARA | PA_6981 | 25/01/2022 | 1 | 25/01/2022 | Folleto | 3 |
